[Event "ITA-ch (Women) 39th"]
[Site "Acqui Terme"]
[Date "2012.07.26"]
[Round "5"]
[White "Paolillo, Gaia"]
[Black "Russo, Arianna"]
[Result "1/2-1/2"]
[WhiteElo "1871"]
[BlackElo "1905"]
[PlyCount "46"]
[EventDate "2012.07.23"]
[EventType "swiss"]
[EventRounds "8"]
[EventCountry "ITA"]
[SourceTitle "EXT 2023"]
[Source "ChessBase"]
[SourceDate "2022.10.05"]
[SourceVersion "1"]
[SourceVersionDate "2022.10.05"]
[SourceQuality "1"]

1. e4 c5 2. Nf3 d6 3. d4 cxd4 4. Qxd4 Nc6 5. Bb5 Bd7 6. Bxc6 Bxc6 7. Nc3 Nf6 8. Bg5 g6 9. Bxf6 exf6 10. 0-0-0 Be7 11. h4 Qa5 12. Nd5 Bxd5 13. exd5 0-0 14. a3 Rac8 15. h5 Qc5 16. Qd2 f5 17. c3 Bf6 18. Ng5 Bxc3 19. bxc3 Qxa3+ 20. Kc2 Qa2+ 21. Kd3 Qc4+ 22. Kc2 Qa2+ 23. Kd3 Qc4+ 1/2-1/2

[Event "Amantea op-B 9th"]
[Site "Amantea"]
[Date "2011.09.07"]
[Round "4"]
[White "Rizzuti, Pasquale"]
[Black "Russo, Arianna"]
[Result "1-0"]
[WhiteElo "1856"]
[BlackElo "1696"]
[PlyCount "115"]
[EventDate "2011.09.04"]
[EventType "swiss"]
[EventRounds "8"]
[EventCountry "ITA"]
[SourceTitle "EXT 2014"]
[Source "ChessBase"]
[SourceDate "2013.11.20"]
[SourceVersion "1"]
[SourceVersionDate "2013.11.20"]
[SourceQuality "1"]

1. f4 c5 2. Nf3 d5 3. e3 Nf6 4. c4 e6 5. Be2 g6 6. 0-0 Bg7 7. d4 cxd4 8. Nxd4 0-0 9. Nc3 dxc4 10. Bxc4 Bd7 11. Bd2 Nc6 12. Nce2 Qb6 13. Nxc6 Bxc6 14. Nd4 Be4 15. Qb3 Qxb3 16. Bxb3 Rfd8 17. Bc3 Nd5 18. Bxd5 Rxd5 19. Rfd1 Rad8 20. Rd2 e5 21. Nb3 exf4 22. Rxd5 Rxd5 23. Bxg7 Kxg7 24. exf4 Rb5 25. Nd2 Bd5 26. b3 Rb4 27. g3 Rd4 28. Nf1 a5 29. Ne3 Be6 30. Rd1 Re4 31. Kf2 a4 32. Nd5 axb3 33. axb3 Bf5 34. Kf3 Re8 35. Rd4 Rd8 36. b4 Be6 37. Ke4 Bf5+ 38. Kf3 Be6 39. Ke4 Bf5+ 40. Ke3 Re8+ 41. Kd2 Re4 42. Kc3 Rxd4 43. Kxd4 Bh3 44. Kc5 Bg2 45. b5 h5 46. b6 Kf8 47. Ne3 Be4 48. Kd6 Ke8 49. Kc7 Ke7 50. Nc4 f5 51. Nd6 Kf6 52. Nxb7 g5 53. Nd6 Bf3 54. Kd7 h4 55. b7 Bxb7 56. Nxb7 gxf4 57. gxf4 Kf7 58. h3 1-0

[Event "EU-ch U16 Girls"]
[Site "Batumi"]
[Date "2010.09.23"]
[Round "4"]
[White "Ivekovic, Tihana"]
[Black "Russo, Arianna"]
[Result "1-0"]
[WhiteElo "1874"]
[BlackElo "1607"]
[PlyCount "91"]
[EventDate "2010.09.20"]
[EventType "swiss"]
[EventRounds "9"]
[EventCountry "GEO"]
[SourceTitle "CBM 138 Extra"]
[Source "ChessBase"]
[SourceDate "2010.10.29"]
[SourceVersion "1"]
[SourceVersionDate "2010.10.29"]
[SourceQuality "1"]

1. e4 c5 2. Nf3 d6 3. d4 cxd4 4. Nxd4 Nf6 5. Nc3 g6 6. Be3 Bg7 7. f3 0-0 8. Qd2 Nc6 9. 0-0-0 Bd7 10. g4 Qa5 11. Kb1 Rfe8 12. h4 h5 13. g5 Nh7 14. Nb3 Bxc3 15. Qxc3 Qxc3 16. bxc3 Ne5 17. Be2 a6 18. Bd4 Nc6 19. Bf2 Rac8 20. Bg3 Red8 21. f4 Nf8 22. Rhf1 Na7 23. Kb2 Nb5 24. Be1 Ne6 25. f5 Nc5 26. Nxc5 Rxc5 27. c4 Nc7 28. Bf2 Rc6 29. Bg1 b5 30. cxb5 Nxb5 31. c4 Nc7 32. a3 e6 33. fxg6 fxg6 34. Rf6 Be8 35. Ka2 Rd7 36. Rb1 Kg7 37. Bd4 Kg8 38. Rb2 Re7 39. Bd3 e5 40. Be3 Bf7 41. Rb6 Rxb6 42. Bxb6 Ne8 43. Rf2 Rb7 44. Rb2 Kf8 45. a4 Ke7 46. Bd8+ 1-0

[Event "Bagnara Calabra op-B"]
[Site "Bagnara Calabra"]
[Date "2009.01.04"]
[Round "3"]
[White "Attina, Rodolfo"]
[Black "Russo, Arianna"]
[Result "0-1"]
[WhiteElo "1398"]
[BlackElo "1647"]
[PlyCount "85"]
[EventDate "2009.01.02"]
[EventType "swiss"]
[EventRounds "7"]
[EventCountry "ITA"]
[SourceTitle "CBM 128 Extra"]
[Source "ChessBase"]
[SourceDate "2009.03.05"]
[SourceVersion "2"]
[SourceVersionDate "2009.03.25"]
[SourceQuality "1"]

1. Nf3 Nf6 2. b3 e6 3. e3 d5 4. Bb2 c5 5. c3 Nc6 6. d4 Bd6 7. g3 0-0 8. Nbd2 Bd7 9. Ba3 Qa5 10. Qc1 Be7 11. Rb1 Rac8 12. Qb2 cxd4 13. Bxe7 Nxe7 14. cxd4 Rc7 15. b4 Qb6 16. b5 Rfc8 17. Bd3 a6 18. 0-0 Rc3 19. Ne5 Be8 20. a4 Nd7 21. Nxd7 Bxd7 22. a5 Qxa5 23. Ra1 Qb6 24. Qb1 g6 25. bxa6 Qxb1 26. Raxb1 bxa6 27. Bxa6 Ra8 28. Rb7 Bc6 29. Rxe7 Rxa6 30. Rc7 Rc2 31. Nf3 Ba4 32. Rxc2 Bxc2 33. Ne5 Rb6 34. f3 Rb1 35. h4 Rxf1+ 36. Kxf1 Kg7 37. Nd7 Bd3+ 38. Ke1 f5 39. Nc5 Bc4 40. Nxe6+ Kf6 41. Nc5 Bb5 42. f4 Bc6 43. Kd2 0-1